00656nam a2200193 a 450000100100000000500170001000800410002704000250006808200150009310000280010824501200013626000470025630000320030349000100033550400400034570000330038570000340041883000100045200002574420200930024021.0110221s1989 ve r 000 j spa d aDO-SdBNPbspacBNPHU aNNNbA663r1 aAraujo medina, Cremilda10aEl rol del periodista /cCremilda Araujo Medina ; prólogo Luis E. Proaño R. ; edición Valentina Porras Potss. aLa Habana :bPablo de la Torriente,c1989. axiii, 386, [6] p. ;c19 cm.1 aPablo aIncluye bibliografía (p. 373-387)1 aPorras Potss, Valentinaeed.1 aProaño R., Luis E.epról. 0aPablo